| 000 | 02801cam a2200421 a 4500 | ||
|---|---|---|---|
| 001 | 10683714 | ||
| 005 | 20150715143107.0 | ||
| 006 | m d | ||
| 007 | cr n | ||
| 008 | 070213s2007 ncua sb 001 0 eng d | ||
| 015 |
_aGBA773047 _2bnb |
||
| 016 | 7 |
_a013888759 _2Uk |
|
| 020 | _a9780822340461 (cloth : alk. paper) | ||
| 020 | _a0822340461 (cloth : alk. paper) | ||
| 020 | _a9780822340683 (pbk. : alk. paper) | ||
| 020 | _a0822340682 (pbk. : alk. paper) | ||
| 035 | _a(WaSeSS)ssj0000394587 | ||
| 040 |
_aDLC _cDLC _dDLC _dWaSeSS |
||
| 050 | 4 |
_aQH324.8 _b.S25 2007 |
|
| 082 | 0 | 0 |
_a570.1 _222 |
| 210 | 1 | 0 | _aScience without laws |
| 245 | 0 | 0 |
_aScience without laws _h[electronic resource] : _bmodel systems, cases, exemplary narratives / _cedited by Angela N.H. Creager, Elizabeth Lunbeck, and M. Norton Wise. |
| 260 |
_aDurham : _bDuke University Press, _c2007. |
||
| 300 |
_a287p.; _c24cm. |
||
| 440 | 0 |
_aScience and cultural theory _918158 |
|
| 504 | _aIncludes bibliographical references and index. | ||
| 505 | 0 | 0 |
_tRedesigning the fruit fly : the molecularization of Drosophila / _rMarcel Weber -- _tWormy logic : model organisms as case-based reasoning / _rRachel A. Ankeny -- _tModel organisms as powerful tools for biomedical research / _rE. Jane Albert Hubbard -- _gThe _ttroop trope : baboon behavior as a model system in the postwar period / _rSusan Sperling -- _tFrom scaling to simulation : changing meanings and ambitions of models in geology / _rNaomi Oreskes -- _tModels and simulations in climate change : historical, epistemological, anthropological, and political aspects / _rAmy Dahan Dalmedico -- _gThe _tcurious case of the prisoner's dilemma : model situation? : exemplary narrative? / _rMary S. Morgan -- _gThe _tpsychoanalytic case : voyeurism, ethics, and epistemology in Robert Stoller's Sexual excitement / _rJohn Forrester -- _t"To exist is to have confidence in one's way of being" : rituals as model systems / _rClifford Geertz -- _tDemocratic Athens as an experimental system : history and the project of political theory / _rJosiah Ober -- _tLatitude, slaves, and the Bible : an experiment in microhistory / _rCarlo Ginzburg -- _tAfterword : reflections on exemplary narratives, cases, and model organisms / _rMary S. Morgan. |
| 506 | _aLicense restrictions may limit access. | ||
| 650 | 0 |
_aBiological models. _918159 |
|
| 650 | 0 |
_aBiology _xPhilosophy. _914175 |
|
| 700 | 1 |
_aCreager, Angela N. H. _918160 |
|
| 700 | 1 |
_aLunbeck, Elizabeth. _918161 |
|
| 700 | 1 |
_aWise, M. Norton. _918162 |
|
| 773 | 0 | _te-Duke Books Scholarly Collection Backlist | |
| 856 | 4 | 0 |
_uhttp://www.columbia.edu/cgi-bin/cul/resolve?clio10683714 _zFull text available from e-Duke Books Scholarly Collection Backlist |
| 910 | _aLibrary of Congress record | ||
| 942 |
_2lcc _cMONOGRAPH |
||
| 999 |
_c122930 _d122930 |
||